| 000 | 00507nam a2200181 a 4500 | ||
|---|---|---|---|
| 005 | 20140310183456.0 | ||
| 008 | 100319s19uu xx 00 eng d | ||
| 020 | _a9715551912 | ||
| 050 |
_aPL 5539 _b.J15 1997 |
||
| 100 | _aJacob, Ave Perez | ||
| 245 |
_aSibol sa mga guho / _cAve Perez Jacob. |
||
| 260 |
_aManila : _bDe la Salle University Press, Inc, _c1997. |
||
| 300 |
_a388 p. : _c21 cm. |
||
| 650 |
_aShort stories _xPhilippines. |
||
| 942 |
_cBK _2lcc _kFLIR |
||
| 999 |
_c23636 _d23636 |
||